banner-ar

الخصائص الدلالية لايات المعاملات المادية فى القران الكريم : مع تطبيق لنظرية المجالات الدلالية / (Record no. 43982)

MARC details
000 -الفاتح
حقل البيانات ثابتة الطول 00621nam a2200169Ia 4500
008 - عناصر البيانات ثابتة الطول - معلومات عامة
حقل البيانات ثابتة الطول 140319s9999 xx 000 0 ara d
040 ## - مصدر الفهرسة
وكالة الفهرسة الأصلية GCL /
وكالة النسخ GCL
082 04 - رقم تصنيف ديوى العشرى
رقم التصنيف 227
رقم المادة ف خ
100 1# - المدخل الرئيسى - إسم شخصى
الإسم الشخصى فريد عوض حيدر
245 10 - بيان العنوان
العنوان الخصائص الدلالية لايات المعاملات المادية فى القران الكريم : مع تطبيق لنظرية المجالات الدلالية /
بيان المسئوليه,etc فريد عوض حيدر
490 ## - بيان السلسلة
عنوان السلسلة 100 قصة
رقم المجلد/ التعيين التسلسلي 0
650 04 - المدخل الاضافى بالموضوع-مصطلح موضوعى
مصطلح موضوعي علوم القران
650 04 - المدخل الاضافى بالموضوع-مصطلح موضوعى
مصطلح موضوعي تفسير القران الكريم
650 04 - المدخل الاضافى بالموضوع-مصطلح موضوعى
مصطلح موضوعي علم الدلالة
942 ## - عناصر المدخل الإضافي( كوها)
مصدر التصنيف او مخطط الترفيف Dewey Decimal Classification
Koha [default] item type كتاب
Holdings
حالة التراجع حالة الفقد حالة تلف ليس للاعارة المكان المؤقت الموقع الحالى تاريخ الاكتساب اجمالي اﻻعارات رقم الطلب الباركود تاريخ اخر مشاهدة تاريخ تفعيل السعر نوع وعاء كوها
        مكتبة القاهرة الكبرى مكتبة القاهرة الكبرى 03/26/2014   227\ف خ 106688 03/26/2014 03/26/2014 كتاب
        مكتبة القاهرة الكبرى مكتبة القاهرة الكبرى 03/26/2014   227\ف خ 106689 03/26/2014 03/26/2014 كتاب
        مكتبة القاهرة الكبرى مكتبة القاهرة الكبرى 03/26/2014   227\ف خ 106690 03/26/2014 03/26/2014 كتاب

Powered By

EGPV